|
|
|
|
| LEADER |
01646nam a2200313 a 4500 |
| 001 |
27369 |
| 005 |
20130805085414.0 |
| 008 |
130805s1999 njuab 001 0 eng |
| 010 |
|
|
|a 98037642
|
| 020 |
|
|
|a 0139186735
|
| 040 |
|
|
|a DLC
|c DLC
|d BD-DhAAL
|
| 050 |
0 |
0 |
|a QD33
|b .H654 1999
|
| 082 |
0 |
0 |
|a 540
|2 21
|
| 100 |
1 |
|
|a Hill, John William,
|d 1933-
|9 2554
|
| 245 |
1 |
0 |
|a General chemistry :
|b an integrated approach /
|c John W. Hill, Ralph H. Petrucci.
|
| 250 |
|
|
|a 2nd ed.
|
| 260 |
|
|
|a Upper Saddle River, N.J. :
|b Prentice Hall,
|c c1999.
|
| 300 |
|
|
|a 1 v. (various pagings) :
|b ill. (some col.), col. maps ;
|c 27 cm. +
|e 1 computer optical disc (4 3/4 in.)
|
| 500 |
|
|
|a Includes index.
|
| 538 |
|
|
|a System requirements for accompanying computer disc: Macintosh and Windows 95/98/NT 4.0X
|
| 541 |
|
|
|e 27369
|
| 650 |
|
0 |
|a Chemistry.
|9 2555
|
| 700 |
1 |
|
|a Petrucci, Ralph H.
|9 2556
|
| 942 |
|
|
|2 ddc
|c BK
|
| 999 |
|
|
|c 13817
|d 13817
|
| 952 |
|
|
|0 0
|1 0
|2 ddc
|4 0
|6 540_000000000000000_HIL
|7 0
|9 23119
|a BRACUL
|b BRACUL
|c GEN
|d 2013-08-05
|e STS International
|g 7315.00
|l 9
|m 69
|o 540 HIL
|p 3010027369
|r 2025-05-14
|s 2024-05-30
|t 1
|w 2013-08-05
|y BK
|
| 952 |
|
|
|0 0
|1 0
|2 ddc
|4 0
|6 540_000000000000000_HIL
|7 0
|9 23120
|a BRACUL
|b BRACUL
|c GEN
|d 2013-08-05
|e STS International
|g 7315.00
|l 7
|m 47
|o 540 HIL
|p 3010027370
|r 2024-10-06
|s 2024-06-08
|t 2
|w 2013-08-05
|y BK
|
| 952 |
|
|
|0 0
|1 0
|2 ddc
|4 0
|6 540_000000000000000_HIL
|7 0
|9 23140
|a BRACUL
|b BRACUL
|c AV
|d 2013-08-05
|e STS International
|l 0
|o 540 HIL
|p 4010027369
|r 2013-08-05
|t 1
|w 2013-08-05
|y AV
|
| 952 |
|
|
|0 0
|1 0
|2 ddc
|4 0
|6 540_000000000000000_HIL
|7 0
|9 23141
|a BRACUL
|b BRACUL
|c AV
|d 2013-08-05
|e STS International
|l 0
|o 540 HIL
|p 4010027370
|r 2013-08-05
|t 2
|w 2013-08-05
|y AV
|